[Event "Oberliga Nord N 2324"]
[Site "Germany"]
[Date "2024.04.28"]
[Round "9.3"]
[White "Rolf, Marco"]
[Black "Meyer, Falko"]
[Result "1-0"]
[WhiteElo "2025"]
[BlackElo "2226"]
[PlyCount "59"]
[EventDate "2023.10.22"]
[EventType "team-tourn"]
[EventRounds "9"]
[EventCountry "GER"]
[SourceTitle "EXT 2025"]
[Source "ChessBase"]
[SourceDate "2024.10.14"]
[SourceVersion "1"]
[SourceVersionDate "2024.10.14"]
[SourceQuality "1"]
[WhiteTeam "Fischbek"]
[BlackTeam "Norderstedt"]
[WhiteTeamCountry "GER"]
[BlackTeamCountry "GER"]

1. d4 d5 2. c4 c6 3. Nf3 Nf6 4. Nc3 a6 5. cxd5 cxd5 6. Bf4 Nc6 7. e3 e6 8. Bd3 Bd6 9. Bxd6 Qxd6 10. h3 0-0 11. 0-0 e5 12. dxe5 Nxe5 13. Nxe5 Qxe5 14. Qf3 b5 15. Rfd1 Rd8 16. Rac1 g5 17. Ne2 Bd7 18. Rc5 Rac8 19. b4 Kg7 20. Rdc1 h6 21. Nd4 Ne8 22. R1c2 Rxc5 23. bxc5 Nc7 24. c6 Bc8 25. Qh5 Ne8 26. c7 Rd6 27. Nc6 Qa1+ 28. Kh2 Nxc7 29. Nd4 Rd7 30. Rc6 1-0

[Event "Oberliga Nord N 2324"]
[Site "Germany"]
[Date "2024.04.14"]
[Round "8.4"]
[White "Hebbinghaus, Holger"]
[Black "Meyer, Falko"]
[Result "1/2-1/2"]
[WhiteElo "2184"]
[BlackElo "2226"]
[PlyCount "37"]
[EventDate "2023.10.22"]
[EventType "team-tourn"]
[EventRounds "9"]
[EventCountry "GER"]
[SourceTitle "EXT 2025"]
[Source "ChessBase"]
[SourceDate "2024.10.14"]
[SourceVersion "1"]
[SourceVersionDate "2024.10.14"]
[SourceQuality "1"]
[WhiteTeam "Kiel Turm III"]
[BlackTeam "Norderstedt"]
[WhiteTeamCountry "GER"]
[BlackTeamCountry "GER"]

1. e4 c6 2. d4 d5 3. exd5 cxd5 4. Bd3 Nc6 5. c3 g6 6. Nf3 Bf5 7. 0-0 Bxd3 8. Qxd3 Nf6 9. Bf4 Bg7 10. Nbd2 0-0 11. Rfe1 e6 12. h3 a6 13. Nb3 Re8 14. Qe3 Na5 15. Nxa5 Qxa5 16. Bh6 Qc7 17. Bxg7 Kxg7 18. Ne5 Nd7 19. Nd3 1/2-1/2

[Event "EU-ch Rapid"]
[Site "Zagreb"]
[Date "2023.12.15"]
[Round "8"]
[White "Dragnev, Valentin"]
[Black "Meyer, Falko"]
[Result "1-0"]
[WhiteElo "2579"]
[BlackElo "2217"]
[PlyCount "61"]
[EventDate "2023.12.14"]
[EventType "swiss (rapid)"]
[EventRounds "11"]
[EventCountry "CRO"]
[SourceTitle "CBM 217 Extra"]
[Source "ChessBase"]
[SourceDate "2024.01.31"]
[SourceVersion "1"]
[SourceVersionDate "2024.01.31"]
[SourceQuality "1"]

1. e4 c6 2. d4 d5 3. e5 Bf5 4. h4 Qc7 5. c4 Bxb1 6. Rxb1 e6 7. a3 dxc4 8. Bxc4 Nd7 9. Nf3 Ne7 10. h5 h6 11. 0-0 Rd8 12. Qe2 Nb6 13. Bd3 Ned5 14. Bd2 Be7 15. Rbc1 Rd7 16. Qe4 Qd8 17. Qg4 Kf8 18. Bb1 Nc7 19. Be3 Nbd5 20. Nd2 c5 21. Ne4 cxd4 22. Bxd4 Nb5 23. Bc5 b6 24. Bxe7+ Nxe7 25. Rfd1 Nf5 26. Rxd7 Qxd7 27. Rd1 Qc7 28. a4 Nbd4 29. Nd6 Qc5 30. Nxf5 Nxf5 31. Bxf5 1-0

[Event "Oberliga Nord N 2324"]
[Site "Germany"]
[Date "2023.10.22"]
[Round "1.4"]
[White "Breyther, Ruediger"]
[Black "Meyer, Falko"]
[Result "1-0"]
[WhiteElo "2253"]
[BlackElo "2226"]
[PlyCount "49"]
[EventDate "2023.10.22"]
[EventType "team-tourn"]
[EventRounds "9"]
[EventCountry "GER"]
[SourceTitle "EXT 2025"]
[Source "ChessBase"]
[SourceDate "2024.10.14"]
[SourceVersion "1"]
[SourceVersionDate "2024.10.14"]
[SourceQuality "1"]
[WhiteTeam "St Pauli"]
[BlackTeam "Norderstedt"]
[WhiteTeamCountry "GER"]
[BlackTeamCountry "GER"]

1. e4 c6 2. d4 d5 3. exd5 cxd5 4. Bd3 Nc6 5. c3 g6 6. Nf3 Bf5 7. 0-0 Bxd3 8. Qxd3 Nf6 9. Bf4 Bg7 10. Nbd2 0-0 11. h3 Rc8 12. Rfe1 e6 13. Qb5 b6 14. a4 Nd7 15. Nb3 a5 16. Nc1 Re8 17. Nd3 h6 18. Re2 Kh7 19. Rae1 Bf6 20. Bg3 Ne7 21. Nf4 Bg5 22. Nxg5+ hxg5 23. Nxe6 fxe6 24. Rxe6 Nf8 25. Qxe8 1-0

[Event "BL2-Nord 2223"]
[Site "Germany"]
[Date "2023.03.18"]
[Round "9.7"]
[White "Meyer, Falko"]
[Black "Meister, Jakob"]
[Result "1/2-1/2"]
[WhiteElo "2217"]
[BlackElo "2441"]
[PlyCount "99"]
[EventDate "2022.10.22"]
[EventType "team-tourn"]
[EventRounds "10"]
[EventCountry "GER"]
[SourceTitle "EXT 2024"]
[Source "ChessBase"]
[SourceDate "2023.10.10"]
[SourceVersion "1"]
[SourceVersionDate "2023.10.10"]
[SourceQuality "1"]
[WhiteTeam "Norderstedt"]
[BlackTeam "Zehlendorf"]
[WhiteTeamCountry "GER"]
[BlackTeamCountry "GER"]

1. d4 Nf6 2. Nc3 d5 3. Bg5 e6 4. e4 dxe4 5. Nxe4 Be7 6. Nxf6+ Bxf6 7. Bxf6 Qxf6 8. c3 0-0 9. Qf3 Nd7 10. Qxf6 gxf6 11. Nf3 Rd8 12. Be2 b6 13. 0-0 Bb7 14. Rfd1 Kf8 15. Nd2 Ke7 16. Bf3 Bxf3 17. Nxf3 b5 18. d5 Ne5 19. Nxe5 fxe5 20. dxe6 Kxe6 21. Kf1 a5 22. Ke2 a4 23. Rxd8 Rxd8 24. Rd1 Rg8 25. g3 h5 26. Ke3 f5 27. h4 Rb8 28. Rd2 b4 29. cxb4 Rxb4 30. Rc2 Re4+ 31. Kd3 Rd4+ 32. Ke3 Kd6 33. f4 Re4+ 34. Kf3 exf4 35. gxf4 c5 36. Rg2 Rb4 37. Rg6+ Kd5 38. Rh6 Rxb2 39. Rxh5 Rxa2 40. Rxf5+ Kd4 41. Rf7 a3 42. h5 Rh2 43. Ra7 c4 44. Kg3 Rxh5 45. Rxa3 c3 46. Ra1 c2 47. Rc1 Kd3 48. Kg4 Rh2 49. f5 Rg2+ 50. Kh5 1/2-1/2

[Event "GER-ch blitz"]
[Site "Magdeburg"]
[Date "2022.08.21"]
[Round "21"]
[White "Abel, Dennes"]
[Black "Meyer, Falko"]
[Result "1-0"]
[WhiteElo "2476"]
[BlackElo "2273"]
[PlyCount "41"]
[EventDate "2022.08.21"]
[EventType "tourn (blitz)"]
[EventRounds "29"]
[EventCountry "GER"]
[EventCategory "5"]
[SourceTitle "CBM 210 Extra"]
[Source "ChessBase"]
[SourceDate "2022.11.30"]
[SourceVersion "1"]
[SourceVersionDate "2022.11.30"]
[SourceQuality "1"]

1. d4 c6 2. c4 d5 3. Nf3 Nf6 4. Qb3 a6 5. Bg5 Ne4 6. Bf4 e6 7. e3 Qa5+ 8. Nc3 Nd7 9. cxd5 exd5 10. Bd3 Ndf6 11. 0-0 Nxc3 12. bxc3 Be7 13. c4 0-0 14. Rfc1 h6 15. h3 b5 16. cxd5 Nxd5 17. Bg3 Bb7 18. Ne5 Rac8 19. Bf5 Rcd8 20. Nxc6 Bxc6 21. Rxc6 1-0

[Event "GER-ch blitz"]
[Site "Magdeburg"]
[Date "2022.08.21"]
[Round "18"]
[White "Arndt, Magnus"]
[Black "Meyer, Falko"]
[Result "1-0"]
[WhiteElo "2365"]
[BlackElo "2273"]
[PlyCount "101"]
[EventDate "2022.08.21"]
[EventType "tourn (blitz)"]
[EventRounds "29"]
[EventCountry "GER"]
[EventCategory "5"]
[SourceTitle "CBM 210 Extra"]
[Source "ChessBase"]
[SourceDate "2022.11.30"]
[SourceVersion "1"]
[SourceVersionDate "2022.11.30"]
[SourceQuality "1"]

1. d4 c6 2. c4 d5 3. Nf3 Nf6 4. g3 g6 5. Bg2 Bg7 6. 0-0 0-0 7. cxd5 cxd5 8. Ne5 e6 9. Nc3 Nfd7 10. Bf4 Nxe5 11. Bxe5 b6 12. e4 Bb7 13. Bxg7 Kxg7 14. e5 Nc6 15. Qd2 Rc8 16. h4 Na5 17. b3 Ba6 18. Rfc1 h5 19. Nd1 Qe7 20. Ne3 Qa3 21. g4 Qe7 22. g5 Qa3 23. f4 Nc6 24. f5 gxf5 25. Bf3 Qb4 26. Rd1 Qxd2 27. Rxd2 Ne7 28. Kf2 Ng6 29. Ng2 Rc3 30. Bxh5 Nxh4 31. Nxh4 Rh3 32. Nxf5+ exf5 33. Bf3 Kg6 34. Bxd5 Kxg5 35. Rh1 Rfh8 36. Rxh3 Rxh3 37. Bg2 Rh8 38. d5 Kf4 39. d6 Kxe5 40. d7 Rd8 41. Bc6 b5 42. b4 f4 43. Kf3 f5 44. Rd5+ Ke6 45. Kxf4 Ke7 46. Ke5 Rf8 47. Kf4 Rd8 48. Kxf5 Rh8 49. Re5+ Kd6 50. Re8 Rh5+ 51. Kg4 1-0

[Event "GER-ch blitz"]
[Site "Magdeburg"]
[Date "2022.08.21"]
[Round "27"]
[White "Barzen, Pascal"]
[Black "Meyer, Falko"]
[Result "1-0"]
[WhiteElo "2342"]
[BlackElo "2273"]
[PlyCount "94"]
[EventDate "2022.08.21"]
[EventType "tourn (blitz)"]
[EventRounds "29"]
[EventCountry "GER"]
[EventCategory "5"]
[SourceTitle "CBM 210 Extra"]
[Source "ChessBase"]
[SourceDate "2022.11.30"]
[SourceVersion "1"]
[SourceVersionDate "2022.11.30"]
[SourceQuality "1"]

1. e4 c6 2. d4 d5 3. Nd2 dxe4 4. Nxe4 Bf5 5. Ng3 Bg6 6. h4 h6 7. Nf3 Nd7 8. h5 Bh7 9. Bd3 Bxd3 10. Qxd3 e6 11. Bd2 Ngf6 12. 0-0-0 Qc7 13. Kb1 0-0-0 14. Ne4 Nxe4 15. Qxe4 Nf6 16. Qe2 Kb8 17. c4 Ka8 18. Bc3 Bd6 19. Ne5 Bxe5 20. dxe5 Nd7 21. Rd6 Nb6 22. Rhd1 Nc8 23. R6d3 c5 24. Qd2 Rxd3 25. Qxd3 Kb8 26. Kc2 Qe7 27. f4 Kc7 28. Qg3 Rg8 29. Ba5+ b6 30. Bc3 a6 31. f5 Qg5 32. Qxg5 hxg5 33. g4 exf5 34. gxf5 Ne7 35. e6 fxe6 36. fxe6 Nf5 37. Rd7+ Kc6 38. Rf7 Nd6 39. Rxg7 Re8 40. h6 Rxe6 41. h7 Rh6 42. Ra7 Rh2+ 43. Kd1 Nxc4 44. h8Q Ne3+ 45. Kc1 Rc2+ 46. Kb1 Rf2 47. Qe8+ Kd5 1-0

[Event "GER-ch blitz"]
[Site "Magdeburg"]
[Date "2022.08.21"]
[Round "29"]
[White "Bethke, Richard"]
[Black "Meyer, Falko"]
[Result "0-1"]
[WhiteElo "2381"]
[BlackElo "2273"]
[PlyCount "66"]
[EventDate "2022.08.21"]
[EventType "tourn (blitz)"]
[EventRounds "29"]
[EventCountry "GER"]
[EventCategory "5"]
[SourceTitle "CBM 210 Extra"]
[Source "ChessBase"]
[SourceDate "2022.11.30"]
[SourceVersion "1"]
[SourceVersionDate "2022.11.30"]
[SourceQuality "1"]

1. e4 c6 2. Nc3 d5 3. Nf3 Nf6 4. e5 Ne4 5. Ne2 Qb6 6. d4 e6 7. Ng3 Nxg3 8. hxg3 c5 9. c3 Nc6 10. Bd3 h6 11. g4 Bd7 12. dxc5 Bxc5 13. Qe2 0-0-0 14. b4 Be7 15. a4 Qc7 16. a5 d4 17. a6 dxc3 18. axb7+ Kb8 19. b5 Nb4 20. Be4 Bc5 21. 0-0 Qb6 22. Bc6 Bxc6 23. bxc6 Qxc6 24. Ba3 Rd7 25. Rfc1 Rxb7 26. Kh1 Nd5 27. Bxc5 Qxc5 28. Rcb1 c2 29. Rxb7+ Kxb7 30. Qa6+ Ka8 31. Rc1 Rb8 32. Nd4 Rb1 33. Nc6 Rxc1+ 0-1

[Event "GER-ch blitz"]
[Site "Magdeburg"]
[Date "2022.08.21"]
[Round "12"]
[White "Frischmann, Rick"]
[Black "Meyer, Falko"]
[Result "0-1"]
[WhiteElo "2369"]
[BlackElo "2273"]
[PlyCount "62"]
[EventDate "2022.08.21"]
[EventType "tourn (blitz)"]
[EventRounds "29"]
[EventCountry "GER"]
[EventCategory "5"]
[SourceTitle "CBM 210 Extra"]
[Source "ChessBase"]
[SourceDate "2022.11.30"]
[SourceVersion "1"]
[SourceVersionDate "2022.11.30"]
[SourceQuality "1"]

1. e4 c6 2. d4 d5 3. e5 Bf5 4. Nf3 e6 5. Be2 Nd7 6. 0-0 Ne7 7. Nbd2 Ng6 8. Nb3 f6 9. exf6 Qxf6 10. c4 Bd6 11. Re1 0-0 12. Bg5 Qf7 13. Qd2 Be4 14. Be3 Qf5 15. Ng5 Bxg2 16. Kxg2 Nh4+ 17. Kh1 h6 18. Bd3 Qf6 19. f4 hxg5 20. Rf1 gxf4 21. Qe2 Qh6 22. Bd2 Rae8 23. Rae1 e5 24. cxd5 cxd5 25. dxe5 Nxe5 26. Bb5 Re7 27. Qf2 a6 28. Be2 g5 29. Qd4 Qe6 30. Bd1 f3 31. Qg1 Qh3 0-1

[Event "GER-ch blitz"]
[Site "Magdeburg"]
[Date "2022.08.21"]
[Round "8"]
[White "Kopylov, Daniel"]
[Black "Meyer, Falko"]
[Result "1-0"]
[WhiteElo "2355"]
[BlackElo "2273"]
[PlyCount "52"]
[EventDate "2022.08.21"]
[EventType "tourn (blitz)"]
[EventRounds "29"]
[EventCountry "GER"]
[EventCategory "5"]
[SourceTitle "CBM 210 Extra"]
[Source "ChessBase"]
[SourceDate "2022.11.30"]
[SourceVersion "1"]
[SourceVersionDate "2022.11.30"]
[SourceQuality "1"]

1. e4 c6 2. d4 d6 3. Nc3 Nf6 4. Nf3 Bg4 5. h3 Bxf3 6. Qxf3 e5 7. Be3 Nbd7 8. Qg3 Qc7 9. Be2 b5 10. a3 Be7 11. 0-0 exd4 12. Bxd4 0-0 13. Kh1 c5 14. Be3 b4 15. axb4 cxb4 16. Nb5 Qxc2 17. Nd4 Qxe4 18. Bf3 Qg6 19. Qxg6 hxg6 20. Bxa8 Rxa8 21. Nc6 Bf8 22. Nxb4 a5 23. Nc6 a4 24. Rfd1 d5 25. Ba7 Rc8 26. Rdc1 Ne4 1-0

[Event "GER-ch blitz"]
[Site "Magdeburg"]
[Date "2022.08.21"]
[Round "23"]
[White "Kotz, Reinhard"]
[Black "Meyer, Falko"]
[Result "1-0"]
[WhiteElo "2166"]
[BlackElo "2273"]
[PlyCount "85"]
[EventDate "2022.08.21"]
[EventType "tourn (blitz)"]
[EventRounds "29"]
[EventCountry "GER"]
[EventCategory "5"]
[SourceTitle "CBM 210 Extra"]
[Source "ChessBase"]
[SourceDate "2022.11.30"]
[SourceVersion "1"]
[SourceVersionDate "2022.11.30"]
[SourceQuality "1"]

1. e4 c6 2. d4 d5 3. e5 Bf5 4. h4 h5 5. Bd3 Bxd3 6. Qxd3 e6 7. Bg5 Qb6 8. Nd2 c5 9. c4 Nc6 10. Ngf3 Nxd4 11. Nxd4 cxd4 12. cxd5 exd5 13. 0-0 Be7 14. Nf3 Bxg5 15. Nxg5 Nh6 16. Rfe1 0-0-0 17. b4 Kb8 18. a4 f6 19. exf6 gxf6 20. Ne6 Rd6 21. Nxd4 Ng4 22. Re7 Qxb4 23. Rb1 Qxb1+ 24. Qxb1 Rb6 25. Qe1 a6 26. Re6 Rb2 27. f3 Ne5 28. Rxf6 Nc4 29. Rg6 Ka8 30. Kh2 Rf8 31. Qe7 Rb8 32. Qe6 Rd8 33. Rg8 Rxg8 34. Qxg8+ Ka7 35. Qxd5 Ne3 36. Qc5+ Ka8 37. Qc3 Nf1+ 38. Kg1 Rb1 39. Qc8+ Ka7 40. Qc5+ Ka8 41. Kf2 Nd2 42. Qc2 Rf1+ 43. Ke2 1-0

[Event "GER-ch blitz"]
[Site "Magdeburg"]
[Date "2022.08.21"]
[Round "20"]
[White "Meyer, Falko"]
[Black "Bluebaum, Matthias"]
[Result "0-1"]
[WhiteElo "2273"]
[BlackElo "2603"]
[PlyCount "58"]
[EventDate "2022.08.21"]
[EventType "tourn (blitz)"]
[EventRounds "29"]
[EventCountry "GER"]
[EventCategory "5"]
[SourceTitle "CBM 210 Extra"]
[Source "ChessBase"]
[SourceDate "2022.11.30"]
[SourceVersion "1"]
[SourceVersionDate "2022.11.30"]
[SourceQuality "1"]

1. d4 Nf6 2. Nc3 d5 3. Bg5 e6 4. e4 dxe4 5. Bxf6 gxf6 6. Nxe4 f5 7. Nc3 Bg7 8. Nf3 c5 9. Ne2 Nc6 10. c3 cxd4 11. Nexd4 Nxd4 12. Nxd4 0-0 13. Be2 e5 14. Nb3 Qb6 15. 0-0 Be6 16. Qc2 a5 17. Rfd1 a4 18. Nd2 e4 19. Nf1 a3 20. bxa3 Rxa3 21. Rab1 Qa7 22. Bb5 Rxc3 23. Qe2 Qxa2 24. Qh5 Rc2 25. Qh4 Rb2 26. Ra1 Qb3 27. Ba4 Qb6 28. Ne3 Rb4 29. Bd7 Bxa1 0-1

[Event "GER-ch blitz"]
[Site "Magdeburg"]
[Date "2022.08.21"]
[Round "7"]
[White "Meyer, Falko"]
[Black "Dahl, Christoph"]
[Result "0-1"]
[WhiteElo "2273"]
[BlackElo "2355"]
[PlyCount "58"]
[EventDate "2022.08.21"]
[EventType "tourn (blitz)"]
[EventRounds "29"]
[EventCountry "GER"]
[EventCategory "5"]
[SourceTitle "CBM 210 Extra"]
[Source "ChessBase"]
[SourceDate "2022.11.30"]
[SourceVersion "1"]
[SourceVersionDate "2022.11.30"]
[SourceQuality "1"]

1. d4 Nf6 2. Nc3 d5 3. Bg5 c5 4. Bxf6 gxf6 5. e3 Nc6 6. Nf3 e6 7. a3 cxd4 8. exd4 Bd7 9. Be2 Qb6 10. Rb1 0-0-0 11. b4 Rg8 12. g3 Ne7 13. Qd3 Nf5 14. a4 Bxb4 15. 0-0 Qa5 16. Na2 Bd6 17. Qb3 Bc6 18. Bb5 Bxb5 19. axb5 Qb6 20. c4 Nxd4 21. Nxd4 Qxd4 22. cxd5 Qxd5 23. Qc2+ Kb8 24. Rfd1 Qc5 25. Qxh7 Rh8 26. Qxf7 Rxh2 27. Rd2 Rdh8 28. Rb4 Qf5 29. Rh4 Qb1+ 0-1

[Event "GER-ch blitz"]
[Site "Magdeburg"]
[Date "2022.08.21"]
[Round "3"]
[White "Meyer, Falko"]
[Black "Heidenfeld, Mark"]
[Result "0-1"]
[WhiteElo "2273"]
[BlackElo "2373"]
[PlyCount "44"]
[EventDate "2022.08.21"]
[EventType "tourn (blitz)"]
[EventRounds "29"]
[EventCountry "GER"]
[EventCategory "5"]
[SourceTitle "CBM 210 Extra"]
[Source "ChessBase"]
[SourceDate "2022.11.30"]
[SourceVersion "1"]
[SourceVersionDate "2022.11.30"]
[SourceQuality "1"]

1. d4 d6 2. Nc3 e5 3. dxe5 dxe5 4. Qxd8+ Kxd8 5. e4 Be6 6. Nge2 f6 7. Be3 c6 8. 0-0-0+ Kc7 9. Kb1 Nd7 10. Nc1 Nh6 11. f3 Nf7 12. g3 b6 13. Nd3 h5 14. Be2 g5 15. f4 Be7 16. b3 gxf4 17. gxf4 Bg4 18. Rhg1 Rag8 19. Kb2 Bd6 20. fxe5 Nfxe5 21. Nf4 Bc5 22. Bxg4 Bxe3 0-1

[Event "GER-ch blitz"]
[Site "Magdeburg"]
[Date "2022.08.21"]
[Round "5"]
[White "Meyer, Falko"]
[Black "Heider, Martin"]
[Result "0-1"]
[WhiteElo "2273"]
[BlackElo "2453"]
[PlyCount "100"]
[EventDate "2022.08.21"]
[EventType "tourn (blitz)"]
[EventRounds "29"]
[EventCountry "GER"]
[EventCategory "5"]
[SourceTitle "CBM 210 Extra"]
[Source "ChessBase"]
[SourceDate "2022.11.30"]
[SourceVersion "1"]
[SourceVersionDate "2022.11.30"]
[SourceQuality "1"]

1. d4 Nf6 2. Nc3 d5 3. Bg5 Nbd7 4. Qd3 h6 5. Bh4 c6 6. Nf3 Qa5 7. e3 Ne4 8. Be2 Ndf6 9. 0-0 Bf5 10. Qd1 Nxc3 11. bxc3 e6 12. c4 Ne4 13. Bd3 Bd6 14. cxd5 cxd5 15. c4 0-0 16. c5 Bc7 17. Qc2 b6 18. c6 Rfc8 19. Rfb1 Nd6 20. Ne5 Bxd3 21. Qxd3 Nf5 22. Bg3 Nxg3 23. hxg3 Bxe5 24. dxe5 Rxc6 25. e4 Rc5 26. Rd1 Rac8 27. f4 Rc3 28. Qe2 Qc5+ 29. Kh2 Re3 30. Qa6 Rxe4 31. Qxa7 Rc4 32. Rab1 b5 33. Qb7 b4 34. Rd2 h5 35. Rdb2 Rc7 36. Qb8+ Rc8 37. Qb7 g6 38. Rxb4 h4 39. Qxc8+ Qxc8 40. Rb8 hxg3+ 41. Kxg3 Qxb8 42. Rxb8+ Kg7 43. Ra8 g5 44. fxg5 Kg6 45. a4 Kxg5 46. a5 Rc3+ 47. Kf2 Ra3 48. a6 Kf5 49. a7 Kxe5 50. Rf8 Rxa7 0-1

[Event "GER-ch blitz"]
[Site "Magdeburg"]
[Date "2022.08.21"]
[Round "15"]
[White "Meyer, Falko"]
[Black "Krause, Benedict"]
[Result "1/2-1/2"]
[WhiteElo "2273"]
[BlackElo "2478"]
[PlyCount "43"]
[EventDate "2022.08.21"]
[EventType "tourn (blitz)"]
[EventRounds "29"]
[EventCountry "GER"]
[EventCategory "5"]
[SourceTitle "CBM 210 Extra"]
[Source "ChessBase"]
[SourceDate "2022.11.30"]
[SourceVersion "1"]
[SourceVersionDate "2022.11.30"]
[SourceQuality "1"]

1. d4 Nf6 2. Nc3 d5 3. Bg5 Nbd7 4. Qd3 h6 5. Bh4 e6 6. e4 g5 7. Bg3 Bb4 8. exd5 Nxd5 9. Nge2 b6 10. a3 Bxc3+ 11. Nxc3 Bb7 12. Nxd5 Bxd5 13. 0-0-0 Qf6 14. Bxc7 Rc8 15. Bg3 0-0 16. h4 g4 17. Kb1 b5 18. Qe3 Bc4 19. f3 Qg6 20. Bxc4 Rxc4 21. Rd2 Nf6 22. h5 1/2-1/2

[Event "GER-ch blitz"]
[Site "Magdeburg"]
[Date "2022.08.21"]
[Round "14"]
[White "Scheftlein, Richard"]
[Black "Meyer, Falko"]
[Result "0-1"]
[WhiteElo "2279"]
[BlackElo "2273"]
[PlyCount "54"]
[EventDate "2022.08.21"]
[EventType "tourn (blitz)"]
[EventRounds "29"]
[EventCountry "GER"]
[EventCategory "5"]
[SourceTitle "CBM 210 Extra"]
[Source "ChessBase"]
[SourceDate "2022.11.30"]
[SourceVersion "1"]
[SourceVersionDate "2022.11.30"]
[SourceQuality "1"]

1. d4 c6 2. c4 d5 3. Nf3 Nf6 4. e3 a6 5. Bd3 g6 6. 0-0 Bf5 7. Bxf5 gxf5 8. Qb3 b5 9. cxd5 cxd5 10. a4 bxa4 11. Qxa4+ Nbd7 12. Ne5 e6 13. Bd2 Bd6 14. Ba5 Qb8 15. f4 Bxe5 16. fxe5 Ng4 17. Qa3 Rg8 18. h3 Nh6 19. Nc3 f4 20. Rxf4 Ra7 21. e4 Rb7 22. b4 Nxe5 23. dxe5 Qxe5 24. Raf1 f5 25. exd5 Rbg7 26. R4f2 Qe3 27. Qb2 Rxg2+ 0-1

[Event "GER-ch blitz"]
[Site "Magdeburg"]
[Date "2022.08.21"]
[Round "4"]
[White "Zelbel, Patrick"]
[Black "Meyer, Falko"]
[Result "1/2-1/2"]
[WhiteElo "2493"]
[BlackElo "2273"]
[PlyCount "106"]
[EventDate "2022.08.21"]
[EventType "tourn (blitz)"]
[EventRounds "29"]
[EventCountry "GER"]
[EventCategory "5"]
[SourceTitle "CBM 210 Extra"]
[Source "ChessBase"]
[SourceDate "2022.11.30"]
[SourceVersion "1"]
[SourceVersionDate "2022.11.30"]
[SourceQuality "1"]

1. e4 c6 2. Nf3 d5 3. Nc3 Nf6 4. e5 Ne4 5. Ne2 Qb6 6. d4 e6 7. Ng3 c5 8. Bd3 Nxg3 9. fxg3 Nc6 10. 0-0 Be7 11. dxc5 Qxc5+ 12. Kh1 Bd7 13. c3 f5 14. exf6 Bxf6 15. Qc2 0-0-0 16. Bd2 Kb8 17. b4 Qe7 18. Rae1 Rc8 19. Qb3 h5 20. b5 Na5 21. Qa4 Nc4 22. Bf4+ Ka8 23. Ne5 Bxe5 24. Rxe5 Rhf8 25. Bxc4 Rxc4 26. Qb3 Qc5 27. Rfe1 Rxc3 28. Qb1 Qxb5 29. Qxb5 Bxb5 30. Rxe6 a6 31. Re7 d4 32. Be5 Bc6 33. Bxd4 Rc2 34. R7e2 Rxe2 35. Rxe2 Rf1+ 36. Bg1 b5 37. h3 Bd5 38. Kh2 Ra1 39. Bd4 Rxa2 40. Rxa2 Bxa2 41. Bxg7 Be6 42. g4 hxg4 43. hxg4 Bxg4 44. Kg3 Bd1 45. Kf4 Kb7 46. g4 Kc6 47. g5 Bc2 48. Ke3 b4 49. Kd2 Bg6 50. Kc1 Kb5 51. Kb2 Kc4 52. Bf8 a5 53. Be7 a4 1/2-1/2

[Event "Oberliga Nord N 1920"]
[Site "Germany"]
[Date "2021.08.15"]
[Round "9.7"]
[White "Rittemann, Steffen"]
[Black "Meyer, Falko"]
[Result "1/2-1/2"]
[WhiteElo "2153"]
[BlackElo "2206"]
[PlyCount "60"]
[EventDate "2019.09.29"]
[EventType "team-tourn"]
[EventRounds "9"]
[EventCountry "GER"]
[SourceTitle "EXT 2023"]
[Source "ChessBase"]
[SourceDate "2022.10.05"]
[SourceVersion "1"]
[SourceVersionDate "2022.10.05"]
[SourceQuality "1"]
[WhiteTeam "Schwerin SF"]
[BlackTeam "Norderstedt"]
[WhiteTeamCountry "GER"]
[BlackTeamCountry "GER"]

1. e4 c6 2. d4 d5 3. exd5 cxd5 4. Bd3 Nc6 5. c3 g6 6. Bf4 Bf5 7. Bxf5 gxf5 8. Nf3 e6 9. Qb3 Qd7 10. Na3 Rc8 11. Ne5 Nxe5 12. Bxe5 f6 13. Bg3 Ne7 14. 0-0 Ng6 15. f3 a6 16. Rfe1 h5 17. Rxe6+ Qxe6 18. Re1 Ne5 19. Bxe5 Kf7 20. Qxb7+ Kg6 21. Bg3 Qc6 22. Qb3 h4 23. Bf4 Bxa3 24. Qxa3 Rhe8 25. Bd2 Rxe1+ 26. Bxe1 Qe6 27. Bf2 Qe2 28. h3 Qe6 29. Qb3 Re8 30. Bxh4 f4 1/2-1/2

[Event "EU-ch blitz"]
[Site "Tallinn"]
[Date "2019.12.07"]
[Round "20"]
[White "Meyer, Falko"]
[Black "Studer, Noel"]
[Result "0-1"]
[WhiteElo "2248"]
[BlackElo "2394"]
[PlyCount "92"]
[EventDate "2019.12.07"]
[EventType "swiss (blitz)"]
[EventRounds "22"]
[EventCountry "EST"]
[SourceTitle "CBM 193 Extra"]
[Source "ChessBase"]
[SourceDate "2020.01.31"]
[SourceVersion "1"]
[SourceVersionDate "2020.01.31"]
[SourceQuality "1"]

1. d4 d5 2. Nc3 Nf6 3. Bg5 e6 4. e4 dxe4 5. Nxe4 Be7 6. Nxf6+ Bxf6 7. Bxf6 Qxf6 8. Nf3 0-0 9. Bd3 c5 10. 0-0 cxd4 11. Nxd4 Rd8 12. Nf3 Nc6 13. Qb1 e5 14. c3 g6 15. Be4 Bg4 16. Re1 Bxf3 17. Bxf3 Rd2 18. Re2 Rad8 19. Rxd2 Rxd2 20. b3 Qd6 21. Qe1 Qd3 22. Rd1 Rxd1 23. Bxd1 Qb1 24. Qd2 e4 25. h3 Ne5 26. Qd8+ Kg7 27. Qd4 f6 28. Kh2 Qxa2 29. g4 Qa5 30. Kg2 Qc7 31. Qxe4 Nf7 32. Qd4 Ng5 33. h4 Ne6 34. Qe4 Nf4+ 35. Kg1 b6 36. Bf3 h6 37. c4 g5 38. hxg5 hxg5 39. Bd1 Qd6 40. Bc2 Kf8 41. Qf5 Qd4 42. Qc8+ Ke7 43. Qc7+ Qd7 44. Qb8 Qxg4+ 45. Kf1 Qe2+ 46. Kg1 Qe1+ 0-1

[Event "EU-ch blitz"]
[Site "Tallinn"]
[Date "2019.12.07"]
[Round "8"]
[White "Meyer, Falko"]
[Black "Stupak, Kirill"]
[Result "1/2-1/2"]
[WhiteElo "2248"]
[BlackElo "2459"]
[PlyCount "97"]
[EventDate "2019.12.07"]
[EventType "swiss (blitz)"]
[EventRounds "22"]
[EventCountry "EST"]
[SourceTitle "CBM 193 Extra"]
[Source "ChessBase"]
[SourceDate "2020.01.31"]
[SourceVersion "1"]
[SourceVersionDate "2020.01.31"]
[SourceQuality "1"]

1. d4 g6 2. c3 Bg7 3. e4 d6 4. Nf3 Nf6 5. Nbd2 0-0 6. Bd3 c5 7. dxc5 dxc5 8. Bc2 Nc6 9. 0-0 Qc7 10. a4 b6 11. Re1 Nd7 12. Qe2 Bb7 13. Nf1 Rad8 14. Bg5 h6 15. Bh4 Qc8 16. Red1 Rfe8 17. Ne3 Ba6 18. Qe1 g5 19. Bg3 e6 20. Rd2 Nde5 21. Nxe5 Nxe5 22. Rad1 Rxd2 23. Qxd2 Bb7 24. Qd6 Ng6 25. Qd7 Ne5 26. Qd6 Ng6 27. Qd7 Nf4 28. Bxf4 gxf4 29. Nc4 Rf8 30. Qe7 Re8 31. Qd7 Bf6 32. Qxc8 Rxc8 33. Nd6 Rc7 34. Nxb7 Rxb7 35. Bd3 Rd7 36. Be2 Rc7 37. Bb5 Kg7 38. Kf1 Be5 39. Ke2 Kf6 40. Kf3 Ke7 41. Kg4 c4 42. g3 fxg3 43. hxg3 Bg7 44. f4 e5 45. Kf5 Rc5 46. Rd7+ Kf8 47. Rd8+ Ke7 48. Rd7+ Kf8 49. Rd8+ 1/2-1/2